Bytový dom

Na minha lista:
Detalhes bibliográficos
Autor principal: Wolf, Adrien Brian (Author)
Outros Autores: Paulovičová, Lucia (Thesis advisor)
Formato: Manuscrito Livro
Idioma:eslovaco
Publicado em: 2017
Assuntos:
Acesso em linha:http://is.stuba.sk/zp/portal_zp.pl?podrobnosti=117121
https://opac.crzp.sk/?fn=detailBiblioForm&sid=3D579E6F99510E20DAB242D0A384
Tags: Adicionar Tag
Sem tags, seja o primeiro a adicionar uma tag!

MARC

LEADER 00000ntm a22000003a 4500
001 stuzp63703
003 SK-STU
005 20230613092308.7
007 ta
008 150427s2015----xo-----f-mn---000-0-slo-d
040 |a STU  |b slo 
041 0 |a slo 
100 1 |a Wolf, Adrien Brian  |u 010270  |4 aut  |U SvF Stavebná fakulta  |T SvF Katedra technológie stavieb  |X 75744  |U V270  |Y 28  |7 75744 
242 0 1 |a The apartment house  |y eng 
245 1 0 |a Bytový dom 
260 |c 2017 
650 4 |a bytový dom  |2 slo 
650 4 |a projekt organizácie výstavby  |2 slo 
650 4 |a technologický predpis  |2 slo 
650 4 |a sadrokartónový podhľad  |2 slo 
650 4 |a apartment house  |2 eng 
650 4 |a project of organization of construction  |2 eng 
650 4 |a technological prescription  |2 eng 
650 4 |a plasterboard flooring  |2 eng 
700 1 |a Paulovičová, Lucia  |u 010270  |k Z1  |4 ths  |U SvF Stavebná fakulta  |T SvF Katedra technológie stavieb  |X 52129  |U V270  |Y 28  |7 A000052129 
856 4 |u http://is.stuba.sk/zp/portal_zp.pl?podrobnosti=117121 
856 4 |u https://opac.crzp.sk/?fn=detailBiblioForm&sid=3D579E6F99510E20DAB242D0A384